| 000 | 01096nam a2200301 4500 | ||
|---|---|---|---|
| 003 | OSt | ||
| 005 | 20260530115259.0 | ||
| 008 | 260507b1997 caua|||| |||| 00| 0 eng d | ||
| 020 | _a0811818578 | ||
| 020 | _a9780811875575 | ||
| 040 |
_aICI _bspa _cICI |
||
| 050 | 4 |
_aGN406 _bI36 |
|
| 245 | 0 | 0 |
_aIcons : _bmagnets of meaning / _cedited by Aaron Betsky ... [y otros] |
| 246 | 3 | 0 | _aMagnets of meaning |
| 264 | 1 |
_b San Francisco Museum of Modern Art ; _bChronicle Books, _cc1997 _aSan Francisco : |
|
| 300 |
_a271 páginas _c23cm. |
||
| 336 |
_atexto _2rdacontent |
||
| 337 |
_asin medio _2rdamedia |
||
| 338 |
_avolumen _2rdacarrier |
||
| 500 | _aPublicado en ocasión de la exposicion realizada en abril 18 - agosto 5, 1997 en San Francisco Museum of Modern Art | ||
| 610 | 2 | 4 |
_aSan Francisco Museum of Modern Art _931018 |
| 650 | 0 |
_aCultura material _v Exposiciones _931019 |
|
| 650 | 0 |
_aIconos _v Exposiciones _931020 |
|
| 650 | 0 |
_aObjetos artísticos _vExposiciones _931021 |
|
| 650 | 0 |
_aCultura popular _vExposiciones _931022 |
|
| 700 | 1 |
_aBetsky, Aaron, _eeditor _931023 |
|
| 942 |
_2lcc _cBK |
||
| 999 |
_c12778 _d12778 |
||